Normal view MARC view
  • Holgersen, Sven-erik

Entry Personal Name

Number of records used in: 1

001 - CONTROL NUMBER

  • control field: 4284

003 - CONTROL NUMBER IDENTIFIER

  • control field: CBULib

005 - DATE AND TIME OF LATEST TRANSACTION

  • control field: 20250128080954.0

008 - FIXED-LENGTH DATA ELEMENTS

  • fixed length control field: 250128|| aca||aabn | a|a d

040 ## - CATALOGING SOURCE

  • Original cataloging agency: CBULib

100 ## - HEADING--PERSONAL NAME

  • Personal name: Holgersen, Sven-erik
  • Relator term: editor